[Event "Budva GM Mix"]
[Site "Budva"]
[Date "2021.05.17"]
[Round "9"]
[White "Djurovic, Peko"]
[Black "Marret, Benjamin"]
[Result "1-0"]
[WhiteElo "2136"]
[BlackElo "1867"]
[PlyCount "41"]
[EventDate "2021.05.11"]
[EventType "swiss"]
[EventRounds "9"]
[EventCountry "MNE"]
[SourceTitle "CBM 202 Extra"]
[Source "ChessBase"]
[SourceDate "2021.07.31"]
[SourceVersion "1"]
[SourceVersionDate "2021.07.31"]
[SourceQuality "1"]

1. e4 c6 2. d4 d5 3. e5 Bf5 4. h4 h5 5. Bg5 Qb6 6. Bd3 Qxd4 7. Nf3 Qg4 8. Bxf5 Qxf5 9. 0-0 e6 10. c4 Qe4 11. cxd5 Qxd5 12. Qe2 Ne7 13. Na3 Nf5 14. Rfd1 Qa5 15. Nc4 Qc7 16. Rd8+ Qxd8 17. Bxd8 Kxd8 18. Ng5 Ke8 19. Rd1 Be7 20. Qd2 Bxg5 21. hxg5 1-0

[Event "Budva GM Mix"]
[Site "Budva"]
[Date "2021.05.15"]
[Round "7"]
[White "Marret, Benjamin"]
[Black "Pobor, Danilo"]
[Result "0-1"]
[WhiteElo "1867"]
[BlackElo "2067"]
[PlyCount "62"]
[EventDate "2021.05.11"]
[EventType "swiss"]
[EventRounds "9"]
[EventCountry "MNE"]
[SourceTitle "CBM 202 Extra"]
[Source "ChessBase"]
[SourceDate "2021.07.31"]
[SourceVersion "1"]
[SourceVersionDate "2021.07.31"]
[SourceQuality "1"]

1. Nf3 d5 2. d4 e6 3. Bf4 c5 4. c3 Nf6 5. e3 Bd6 6. Bg3 0-0 7. Bd3 b6 8. Nbd2 Bb7 9. Ne5 Nc6 10. Ndf3 Ne7 11. 0-0 Ne4 12. Bxe4 dxe4 13. Ng5 h6 14. Nh3 Ba6 15. Re1 Nf5 16. Qh5 Qc7 17. Bf4 Rac8 18. g4 g6 19. Nxg6 fxg6 20. Qxg6+ Ng7 21. Bxh6 Qf7 22. Qxg7+ Qxg7 23. Bxg7 Kxg7 24. Ng5 Rh8 25. Nxe6+ Kf6 26. Nf4 Bxf4 27. exf4 Rh4 28. h3 Rxh3 29. Kg2 Rh4 30. Kg3 Rch8 31. dxc5 Rh2 0-1

[Event "Cetinje Batricevic Memorial op"]
[Site "Cetinje"]
[Date "2012.10.26"]
[Round "8"]
[White "Ashiku, Franc"]
[Black "Marret, Benjamin"]
[Result "1/2-1/2"]
[WhiteElo "2209"]
[BlackElo "1841"]
[PlyCount "99"]
[EventDate "2012.10.20"]
[EventType "swiss"]
[EventRounds "9"]
[EventCountry "MNE"]
[SourceTitle "EXT 2013"]
[Source "ChessBase"]
[SourceDate "2012.11.22"]
[SourceVersion "1"]
[SourceVersionDate "2012.11.22"]
[SourceQuality "1"]

1. e4 e6 2. d4 d5 3. Nc3 Bb4 4. e5 Qd7 5. a3 Bxc3+ 6. bxc3 b6 7. Nf3 Ba6 8. Bxa6 Nxa6 9. Qd3 Nb8 10. 0-0 Nc6 11. c4 dxc4 12. Qxc4 0-0-0 13. Qa6+ Kb8 14. Be3 Nge7 15. a4 Na5 16. c4 Nec6 17. Qb5 g6 18. Rab1 Ka8 19. Rfc1 Rhf8 20. c5 Qd5 21. Qa6 Rb8 22. Rb5 Qe4 23. Nd2 Qd3 24. cxb6 cxb6 25. Rcb1 f5 26. d5 exd5 27. Bxb6 Qxd2 28. Bc7 Rxb5 29. axb5 Qd3 30. Ra1 Qc3 31. Rf1 d4 32. bxc6 Nxc6 33. Rb1 Nb4 34. Qd6 Rc8 35. Qxb4 Qxb4 36. Rxb4 Rxc7 37. f4 Rd7 38. Kf2 a5 39. Ra4 Kb7 40. Rxa5 Kb6 41. Ra8 Kc5 42. Rc8+ Kd5 43. Kf3 d3 44. g3 g5 45. h4 gxf4 46. gxf4 d2 47. Ke2 d1Q+ 48. Kxd1 Ke4+ 49. Ke2 Kxf4 50. Re8 1/2-1/2

[Event "Cetinje Batricevic Memorial op"]
[Site "Cetinje"]
[Date "2012.10.25"]
[Round "7"]
[White "Marret, Benjamin"]
[Black "Tomic, Aleksandar Lj"]
[Result "1-0"]
[WhiteElo "1841"]
[BlackElo "1899"]
[PlyCount "51"]
[EventDate "2012.10.20"]
[EventType "swiss"]
[EventRounds "9"]
[EventCountry "MNE"]
[SourceTitle "EXT 2013"]
[Source "ChessBase"]
[SourceDate "2012.11.22"]
[SourceVersion "1"]
[SourceVersionDate "2012.11.22"]
[SourceQuality "1"]

1. Nf3 Nf6 2. d4 d6 3. e3 Nbd7 4. c4 c6 5. Be2 e5 6. Nc3 Be7 7. b3 0-0 8. Bb2 Qc7 9. Qc2 a6 10. h4 Re8 11. 0-0-0 Nf8 12. dxe5 dxe5 13. Ne4 Nxe4 14. Qxe4 Bf6 15. g4 g6 16. Nd4 Bd7 17. Nf5 gxf5 18. gxf5 Kh8 19. Rhg1 Bc8 20. Rg3 Nd7 21. Rdg1 Nc5 22. Qg4 Bd7 23. f4 Qd6 24. fxe5 Bxf5 25. Qxf5 Bxe5 26. Rg8+ 1-0

[Event "Kuala Lumpur op 8th"]
[Site "Kuala Lumpur"]
[Date "2011.08.23"]
[Round "7"]
[White "Camilia, Bt Johari"]
[Black "Marret, Benjamin"]
[Result "1/2-1/2"]
[WhiteElo "1753"]
[BlackElo "1821"]
[PlyCount "49"]
[EventDate "2011.08.18"]
[EventType "swiss"]
[EventRounds "9"]
[EventCountry "MAS"]
[SourceTitle "CBM 144 Extra"]
[Source "ChessBase"]
[SourceDate "2011.10.28"]
[SourceVersion "1"]
[SourceVersionDate "2011.10.28"]
[SourceQuality "1"]

1. d4 d5 2. Nf3 Nf6 3. c4 c6 4. Qc2 e6 5. Bg5 Qa5+ 6. Bd2 Bb4 7. e3 Ne4 8. Bd3 f5 9. cxd5 exd5 10. Ne5 0-0 11. f4 Nd7 12. Bxb4 Qxb4+ 13. Nc3 Nxe5 14. fxe5 Qe7 15. 0-0 Be6 16. Bxe4 fxe4 17. a3 Qg5 18. Qe2 Bg4 19. Qd2 Rf3 20. gxf3 Bxf3+ 21. Kf2 Qh4+ 22. Kg1 Qg5+ 23. Kf2 Qh4+ 24. Kg1 Qg5+ 25. Kf2 1/2-1/2

[Event "Kuala Lumpur op 8th"]
[Site "Kuala Lumpur"]
[Date "2011.08.22"]
[Round "6"]
[White "Marret, Benjamin"]
[Black "Loh, Zachary"]
[Result "0-1"]
[WhiteElo "1821"]
[BlackElo "1769"]
[PlyCount "34"]
[EventDate "2011.08.18"]
[EventType "swiss"]
[EventRounds "9"]
[EventCountry "MAS"]
[SourceTitle "CBM 144 Extra"]
[Source "ChessBase"]
[SourceDate "2011.10.28"]
[SourceVersion "1"]
[SourceVersionDate "2011.10.28"]
[SourceQuality "1"]

1. Nf3 e6 2. d4 d5 3. e3 c6 4. Nbd2 f5 5. Ne5 Nf6 6. f4 Bd6 7. Ndf3 Ne4 8. Bd3 Nd7 9. 0-0 Ndf6 10. Bd2 0-0 11. Qe1 c5 12. c4 b6 13. b4 Nxd2 14. Qxd2 cxb4 15. Nc6 Qc7 16. Nxb4 dxc4 17. Rfc1 b5 0-1

[Event "Kuala Lumpur op 8th"]
[Site "Kuala Lumpur"]
[Date "2011.08.20"]
[Round "5"]
[White "Guo, Emma"]
[Black "Marret, Benjamin"]
[Result "1/2-1/2"]
[WhiteElo "2029"]
[BlackElo "1821"]
[PlyCount "41"]
[EventDate "2011.08.18"]
[EventType "swiss"]
[EventRounds "9"]
[EventCountry "MAS"]
[SourceTitle "CBM 144 Extra"]
[Source "ChessBase"]
[SourceDate "2011.10.28"]
[SourceVersion "1"]
[SourceVersionDate "2011.10.28"]
[SourceQuality "1"]

1. e4 e6 2. d4 d5 3. e5 c5 4. c3 Nc6 5. Nf3 Bd7 6. Bd3 f6 7. 0-0 Qc7 8. Re1 fxe5 9. Nxe5 Nxe5 10. dxe5 0-0-0 11. Bd2 Nh6 12. b4 Nf7 13. Qe2 Be7 14. c4 dxc4 15. Bxc4 Kb8 16. bxc5 Bxc5 17. Nc3 Bd4 18. Rab1 Rhg8 19. Nb5 Bxb5 20. Bxb5 Nxe5 21. Be3 1/2-1/2

[Event "EU-ch 12th"]
[Site "Aix les Bains"]
[Date "2011.04.01"]
[Round "10"]
[White "Bauer, Eric"]
[Black "Marret, Benjamin"]
[Result "0-1"]
[WhiteElo "1499"]
[BlackElo "1848"]
[PlyCount "28"]
[EventDate "2011.03.22"]
[EventType "swiss"]
[EventRounds "11"]
[EventCountry "FRA"]
[SourceTitle "CBM 142 Extra"]
[Source "ChessBase"]
[SourceDate "2011.06.27"]
[SourceVersion "1"]
[SourceVersionDate "2011.06.27"]
[SourceQuality "1"]

1. c4 e5 2. Nc3 Nf6 3. e4 Bc5 4. Nge2 Nc6 5. Na4 Nxe4 6. Nxc5 Nxc5 7. d4 exd4 8. Nxd4 0-0 9. Be3 Qe7 10. Be2 Nxd4 11. Qxd4 b6 12. Qd5 Rb8 13. 0-0 d6 14. Bg5 Qxe2 0-1

[Event "EU-ch 12th"]
[Site "Aix les Bains"]
[Date "2011.03.30"]
[Round "8"]
[White "Gebigke, Martin"]
[Black "Marret, Benjamin"]
[Result "1-0"]
[WhiteElo "2212"]
[BlackElo "1848"]
[PlyCount "73"]
[EventDate "2011.03.22"]
[EventType "swiss"]
[EventRounds "11"]
[EventCountry "FRA"]
[SourceTitle "CBM 142 Extra"]
[Source "ChessBase"]
[SourceDate "2011.06.27"]
[SourceVersion "1"]
[SourceVersionDate "2011.06.27"]
[SourceQuality "1"]

1. e4 e6 2. d4 d5 3. Nc3 Bb4 4. e5 Qd7 5. Qg4 f5 6. Qg3 b6 7. a3 Bxc3+ 8. bxc3 Ba6 9. Bxa6 Nxa6 10. Ne2 0-0-0 11. a4 Nb8 12. a5 Nc6 13. axb6 cxb6 14. Qd3 h6 15. h4 Nge7 16. Qa6+ Qb7 17. Qxb7+ Kxb7 18. Nf4 Na5 19. Nxe6 Rc8 20. Rh3 Rc6 21. Nf4 Nc4 22. h5 a5 23. Rg3 Rg8 24. Ba3 Nxa3 25. Rxa3 Ka6 26. Kd2 Kb7 27. Ra4 Ka6 28. Ra2 Kb7 29. Kc1 Ka6 30. Ra1 Kb5 31. Ra3 Ka6 32. Kb2 Kb5 33. Kb3 Rgc8 34. Ka2 Rg8 35. Kb2 Ka6 36. Rb3 Kb7 37. Rb5 1-0

[Event "EU-ch 12th"]
[Site "Aix les Bains"]
[Date "2011.03.26"]
[Round "5"]
[White "Marret, Benjamin"]
[Black "Mercier, Pierre"]
[Result "0-1"]
[WhiteElo "1848"]
[BlackElo "1741"]
[PlyCount "60"]
[EventDate "2011.03.22"]
[EventType "swiss"]
[EventRounds "11"]
[EventCountry "FRA"]
[SourceTitle "CBM 142 Extra"]
[Source "ChessBase"]
[SourceDate "2011.06.27"]
[SourceVersion "1"]
[SourceVersionDate "2011.06.27"]
[SourceQuality "1"]

1. Nf3 d5 2. d4 Nf6 3. e3 Nbd7 4. Bd3 g6 5. b4 Bg7 6. Bb2 0-0 7. 0-0 b6 8. b5 a6 9. a4 Bb7 10. Nbd2 axb5 11. axb5 Ne8 12. c4 Nd6 13. cxd5 Bxd5 14. e4 Bb7 15. Qc2 e6 16. Rxa8 Bxa8 17. Rc1 Re8 18. Qxc7 Qxc7 19. Rxc7 Rd8 20. Ba3 Bf8 21. Rc1 Nxe4 22. Bxf8 Nxd2 23. Nxd2 Kxf8 24. Be4 Nf6 25. Bc6 Rxd4 26. Nf3 Rd8 27. Ne5 Bxc6 28. bxc6 Rc8 29. Kf1 Rc7 30. Ke2 Ke7 0-1

[Event "Calvia Amateur op 7th"]
[Site "Calvia"]
[Date "2010.10.09"]
[Round "1"]
[White "Marret, Benjamin"]
[Black "Karlsson, Jorgen"]
[Result "0-1"]
[WhiteElo "1895"]
[BlackElo "2153"]
[PlyCount "38"]
[EventDate "2010.10.09"]
[EventType "swiss"]
[EventRounds "9"]
[EventCountry "ESP"]
[SourceTitle "EXT 2011"]
[Source "ChessBase"]
[SourceDate "2010.11.26"]
[SourceVersion "1"]
[SourceVersionDate "2010.11.26"]
[SourceQuality "1"]

1. d4 g6 2. g3 Bg7 3. Bg2 c5 4. Nf3 cxd4 5. Nxd4 Nc6 6. Nxc6 bxc6 7. 0-0 Nf6 8. c4 0-0 9. Nc3 Qa5 10. Qa4 Qxa4 11. Nxa4 d5 12. Nc5 Rb8 13. Rd1 dxc4 14. Bxc6 Bg4 15. Bf3 Bxf3 16. exf3 Rb5 17. Nd7 Rc8 18. Nxf6+ Bxf6 19. Rd7 c3 0-1

[Event "Uxbridge e2e4 Autumn Challengers-F"]
[Site "Uxbridge"]
[Date "2010.08.15"]
[Round "8"]
[White "Marret, Benjamin"]
[Black "Patel, Shyamal"]
[Result "1/2-1/2"]
[WhiteElo "1936"]
[BlackElo "1898"]
[PlyCount "28"]
[EventDate "2010.08.11"]
[EventType "tourn"]
[EventRounds "9"]
[EventCountry "ENG"]
[SourceTitle "CBM 137 Extra"]
[Source "ChessBase"]
[SourceDate "2010.09.01"]
[SourceVersion "1"]
[SourceVersionDate "2010.09.01"]
[SourceQuality "1"]

1. Nf3 Nf6 2. d4 e6 3. e3 c5 4. c3 b6 5. Bd3 Bb7 6. Nbd2 d5 7. 0-0 Nbd7 8. Re1 Ne4 9. Ne5 Bd6 10. Nxe4 dxe4 11. Bb5 Bxe5 12. dxe5 a6 13. Bxd7+ Qxd7 14. Qxd7+ Kxd7 1/2-1/2

[Event "Uxbridge e2e4 Autumn Challengers-F"]
[Site "Uxbridge"]
[Date "2010.08.14"]
[Round "6"]
[White "Millward, Kevin P"]
[Black "Marret, Benjamin"]
[Result "1-0"]
[WhiteElo "1969"]
[BlackElo "1936"]
[PlyCount "107"]
[EventDate "2010.08.11"]
[EventType "tourn"]
[EventRounds "9"]
[EventCountry "ENG"]
[SourceTitle "CBM 137 Extra"]
[Source "ChessBase"]
[SourceDate "2010.09.01"]
[SourceVersion "1"]
[SourceVersionDate "2010.09.01"]
[SourceQuality "1"]

1. e4 c5 2. Nc3 Nc6 3. g3 g6 4. Bg2 Bg7 5. d3 d6 6. Be3 e6 7. Qd2 Rb8 8. f4 Nge7 9. Nd1 0-0 10. c3 Qa5 11. Ne2 b5 12. e5 dxe5 13. Bxc5 exf4 14. Nxf4 b4 15. d4 Ba6 16. Bxc6 Nxc6 17. Bxf8 Kxf8 18. Ne2 bxc3 19. bxc3 Qb5 20. Kf2 Qf5+ 21. Qf4 Qd3 22. Qf3 Qb5 23. Ne3 Bb7 24. Rhb1 Qa6 25. Qf4 e5 26. Qg4 exd4 27. cxd4 Rd8 28. Rd1 Nb4 29. Rab1 Nd5 30. Nxd5 Bxd5 31. Rb2 Re8 32. Nf4 h5 33. Qg5 Ba8 34. Qb5 Qa3 35. Qb4+ Qxb4 36. Rxb4 Kg8 37. d5 Kh7 38. d6 Rd8 39. Ra4 h4 40. Rxa7 hxg3+ 41. hxg3 g5 42. Ne2 Kg6 43. a4 Bf8 44. Ra6 f6 45. Nc3 Kf5 46. Nb5 g4 47. Rb6 Be4 48. a5 Bh6 49. a6 Rc8 50. Nd4+ Ke5 51. d7 Rd8 52. Re6+ Kd5 53. Nc6+ Kxe6 54. Nxd8+ 1-0

[Event "Uxbridge e2e4 Autumn Challengers-F"]
[Site "Uxbridge"]
[Date "2010.08.11"]
[Round "1"]
[White "Marret, Benjamin"]
[Black "Lexton, Michael J"]
[Result "1/2-1/2"]
[WhiteElo "1936"]
[BlackElo "2009"]
[PlyCount "71"]
[EventDate "2010.08.11"]
[EventType "tourn"]
[EventRounds "9"]
[EventCountry "ENG"]
[SourceTitle "CBM 137 Extra"]
[Source "ChessBase"]
[SourceDate "2010.09.01"]
[SourceVersion "1"]
[SourceVersionDate "2010.09.01"]
[SourceQuality "1"]

1. e4 c5 2. Nc3 d6 3. g3 Nc6 4. Bg2 g6 5. Nge2 Bg7 6. 0-0 Nf6 7. d3 0-0 8. h3 Rb8 9. Kh2 b5 10. f4 b4 11. Nb1 Qc7 12. Nd2 Bb7 13. Nc4 Rbd8 14. Ne3 Nd4 15. c3 Nxe2 16. Qxe2 bxc3 17. bxc3 c4 18. Nxc4 Nxe4 19. Bxe4 d5 20. Bg2 dxc4 21. d4 Bxg2 22. Qxg2 Qa5 23. Qb2 Rb8 24. Qa3 Qd5 25. Qa4 Rb5 26. Qc2 Rfb8 27. Qg2 Qf5 28. Ba3 e6 29. Rf2 h5 30. h4 Qd5 31. Qxd5 Rxd5 32. Bc5 Rd7 33. Rc1 a5 34. Rfc2 Rdb7 35. Bd6 Rd8 36. Bc5 1/2-1/2

[Event "Orsay op"]
[Site "Orsay"]
[Date "2008.03.08"]
[Round "6"]
[White "Marret, Benjamin"]
[Black "Marholev, Dimitar"]
[Result "0-1"]
[WhiteElo "1870"]
[BlackElo "2401"]
[PlyCount "48"]
[EventDate "2008.03.06"]
[EventType "swiss"]
[EventRounds "7"]
[EventCountry "FRA"]
[SourceTitle "EXT 2010"]
[Source "ChessBase"]
[SourceDate "2010.11.25"]
[SourceVersion "1"]
[SourceVersionDate "2010.11.25"]
[SourceQuality "1"]

1. d4 Nf6 2. Nf3 g6 3. e3 Bg7 4. Bd3 0-0 5. 0-0 d6 6. c3 Nc6 7. Qc2 e5 8. Nbd2 Re8 9. h3 Qe7 10. dxe5 Nxe5 11. Nxe5 dxe5 12. e4 Nh5 13. Re1 Nf4 14. Nf1 Qg5 15. Bxf4 exf4 16. Kh1 f3 17. g3 Bxh3 18. Ne3 Qh5 19. Kg1 Bh6 20. Nd5 Bg5 21. Bf1 Bxf1 22. Rxf1 Qh3 23. Ne3 Bxe3 24. fxe3 Qxg3+ 0-1

[Event "Orsay op"]
[Site "Orsay"]
[Date "2008.03.07"]
[Round "5"]
[White "Marret, Benjamin"]
[Black "Williams, Simon Kim"]
[Result "1/2-1/2"]
[WhiteElo "1870"]
[BlackElo "2480"]
[PlyCount "97"]
[EventDate "2008.03.06"]
[EventType "swiss"]
[EventRounds "7"]
[EventCountry "FRA"]
[SourceTitle "EXT 2010"]
[Source "ChessBase"]
[SourceDate "2010.11.25"]
[SourceVersion "1"]
[SourceVersionDate "2010.11.25"]
[SourceQuality "1"]

1. Nf3 e6 2. d4 f5 3. g3 Nf6 4. Bg2 Be7 5. 0-0 0-0 6. c4 d6 7. Nc3 Ne4 8. Qc2 Nxc3 9. Qxc3 a5 10. b3 Nc6 11. Bb2 Bf6 12. Rad1 Qe7 13. Qc1 e5 14. dxe5 dxe5 15. a3 Be6 16. Qa1 Qc5 17. Rd2 e4 18. Nd4 Nxd4 19. Bxd4 Bxd4 20. Rxd4 Rad8 21. Rfd1 Rxd4 22. Rxd4 Kf7 23. a4 Qb4 24. Qd1 Qc3 25. h4 Ke7 26. e3 g6 27. Bf1 c5 28. Rd6 Qe5 29. Rd2 h6 30. f4 exf3 31. Qxf3 Rb8 32. Qf4 Qxf4 33. exf4 g5 34. hxg5 hxg5 35. Bg2 gxf4 36. gxf4 Rg8 37. Kf2 Rg4 38. Ke3 b6 39. Bf3 Rh4 40. Rf2 Bf7 41. Rd2 Rh3 42. Kf2 Rh2+ 43. Ke3 Rh4 44. Rd1 Rh3 45. Rh1 Rxh1 46. Bxh1 Bh5 47. Bf3 Bg4 48. Kf2 Kf6 49. Kg3 1/2-1/2

[Event "Orsay op"]
[Site "Orsay"]
[Date "2008.03.03"]
[Round "1"]
[White "Marret, Benjamin"]
[Black "Vaklinov, Vasil"]
[Result "1-0"]
[WhiteElo "1870"]
[BlackElo "2712"]
[PlyCount "73"]
[EventDate "2008.03.06"]
[EventType "swiss"]
[EventRounds "7"]
[EventCountry "FRA"]
[SourceTitle "EXT 2010"]
[Source "ChessBase"]
[SourceDate "2010.11.25"]
[SourceVersion "1"]
[SourceVersionDate "2010.11.25"]
[SourceQuality "1"]

1. Nf3 d6 2. d4 Bg4 3. e3 Nf6 4. b3 Nbd7 5. Bb2 c6 6. Nbd2 e6 7. c4 d5 8. Bd3 Bd6 9. Qc2 Qe7 10. 0-0 e5 11. Nxe5 Nxe5 12. dxe5 Bxe5 13. Bxe5 Qxe5 14. cxd5 Nxd5 15. Nc4 Qe7 16. Be2 Bxe2 17. Qxe2 0-0 18. Qb2 Rfe8 19. Rad1 Rad8 20. Nd2 Qb4 21. Nf3 a5 22. Rd3 a4 23. Rfd1 a3 24. Qd4 Qe7 25. h3 b5 26. Qh4 f6 27. Qd4 g6 28. Qg4 f5 29. Qd4 Rd7 30. Qa1 Kf7 31. Nd4 Rc7 32. Nxb5 Rb7 33. Nd4 Nb4 34. R3d2 Qe4 35. Qc1 Ra8 36. Nf3 Raa7 37. Ng5+ 1-0

[Event "IECC P email"]
[Site "IECC email"]
[Date "2000.03.18"]
[Round "?"]
[White "Zoedl, Heinrich"]
[Black "Marret, Benjamin"]
[Result "1-0"]
[WhiteElo "1771"]
[BlackElo "1800"]
[PlyCount "35"]
[EventDate "2000.??.??"]
[EventType "tourn (corr)"]
[EventRounds "6"]
[SourceTitle "Corr 2008"]
[Source "ChessBase"]
[SourceDate "2008.06.24"]
[SourceVersion "1"]
[SourceVersionDate "2008.06.24"]
[SourceQuality "1"]

1. e4 c5 2. f4 d5 3. exd5 Qxd5 4. Nc3 Qf5 5. g3 Nc6 6. Bg2 Bd7 7. Bh3 Qg6 8. Bxd7+ Kxd7 9. Nf3 Nf6 10. d3 e6 11. Qe2 Be7 12. Be3 Rhe8 13. 0-0-0 Kc7 14. Nb5+ Kc8 15. f5 Qxf5 16. Bf4 a6 17. Nc7 Ra7 18. Nxe8 1-0